Эпитаксия в минералах, растениях и животном мире; Восточно-Европейский Научный Журнал; № 8, ч. 3
| Parent link: | Восточно-Европейский Научный Журнал=East European Scientific Journal EESJ.— , 2012- № 8, ч. 3.— 2016.— [С. 139-157] |
|---|---|
| Autor principal: | |
| Autor Corporativo: | |
| Otros Autores: | |
| Sumario: | Заглавие с экрана В статье изложены результаты исследований, которые позволяют полагать, что различные изменения морфологиирастений, это эпитаксические процессы, подобные минеральным образованиям. Они являются заложенными природойзакономерностями и зависят от окружающей среды, то есть состава почв, наличия геоактивных зон, геофизическихполей, эманаций и техногенных загрязнений. Эпитаксию можно рекомендовать как один из способов биоиндикацииокружающей среды при производстве работ по межеванию земельных участков. This paper presents the results of studies that suggest that various changes in plant morphology, it epitaksicheskie processes likemineral formations. They are laid down by laws and depend on the nature of the environment, ie soil composition, presence of geoactivezones, geophysical fields, emanations and man-made pollution. Epitaxy can be recommended as a way of environmentalbioindication environment by manufacture of works on surveying the land. |
| Lenguaje: | ruso |
| Publicado: |
2016
|
| Colección: | Геология |
| Materias: | |
| Acceso en línea: | http://eesj-science.com/wp-content/uploads/2016/06/EESJ_8_3.pdf#page=139 |
| Formato: | Electrónico Capítulo de libro |
| KOHA link: | https://koha.lib.tpu.ru/cgi-bin/koha/opac-detail.pl?biblionumber=650204 |
MARC
| LEADER | 00000naa0a2200000 4500 | ||
|---|---|---|---|
| 001 | 650204 | ||
| 005 | 20250312094955.0 | ||
| 035 | |a (RuTPU)RU\TPU\network\15409 | ||
| 090 | |a 650204 | ||
| 100 | |a 20160921d2016 k||y0rusy50 ca | ||
| 101 | 0 | |a rus | |
| 102 | |a PL | ||
| 135 | |a drcn ---uucaa | ||
| 181 | 0 | |a i | |
| 182 | 0 | |a b | |
| 200 | 1 | |a Эпитаксия в минералах, растениях и животном мире |d Epitaxy in minerals, plants and animals |f В. Н. Сальников, А. Е. Киреева | |
| 203 | |a Текст |c электронный | ||
| 225 | 1 | |a Геология | |
| 300 | |a Заглавие с экрана | ||
| 320 | |a [Библиогр.: 39 назв.] | ||
| 330 | |a В статье изложены результаты исследований, которые позволяют полагать, что различные изменения морфологиирастений, это эпитаксические процессы, подобные минеральным образованиям. Они являются заложенными природойзакономерностями и зависят от окружающей среды, то есть состава почв, наличия геоактивных зон, геофизическихполей, эманаций и техногенных загрязнений. Эпитаксию можно рекомендовать как один из способов биоиндикацииокружающей среды при производстве работ по межеванию земельных участков. | ||
| 330 | |a This paper presents the results of studies that suggest that various changes in plant morphology, it epitaksicheskie processes likemineral formations. They are laid down by laws and depend on the nature of the environment, ie soil composition, presence of geoactivezones, geophysical fields, emanations and man-made pollution. Epitaxy can be recommended as a way of environmentalbioindication environment by manufacture of works on surveying the land. | ||
| 461 | |t Восточно-Европейский Научный Журнал |l East European Scientific Journal EESJ |d 2012- | ||
| 463 | |t № 8, ч. 3 |v [С. 139-157] |d 2016 | ||
| 510 | 1 | |a Epitaxy in minerals, plants and animals |z eng | |
| 610 | 1 | |a электронный ресурс | |
| 610 | 1 | |a труды учёных ТПУ | |
| 610 | 1 | |a эпитаксия | |
| 610 | 1 | |a гетероэпитаксия | |
| 610 | 1 | |a двойникование | |
| 610 | 1 | |a радиационное загрязнение | |
| 610 | 1 | |a окружающая среда | |
| 610 | 1 | |a дихотомия | |
| 610 | 1 | |a эманация | |
| 700 | 1 | |a Сальников |b В. Н. |c геолог |c профессор Томского политехнического университета, доктор геолого-минералогических наук |f 1940- |g Владимир Николаевич |3 (RuTPU)RU\TPU\pers\23466 |9 10224 | |
| 701 | 1 | |a Киреева |b А. Е. |g Александра Евгеньевна | |
| 712 | 0 | 2 | |a Национальный исследовательский Томский политехнический университет |b Институт природных ресурсов |b Кафедра общей геологии и землеустройства |3 (RuTPU)RU\TPU\col\18663 |9 27116 |
| 801 | 2 | |a RU |b 63413507 |c 20160921 |g RCR | |
| 856 | 4 | |u http://eesj-science.com/wp-content/uploads/2016/06/EESJ_8_3.pdf#page=139 | |
| 942 | |c CF | ||